Unit Conversion 5: Ultimate Test - Statistics

General Stats
  • This quiz has been taken 4 times
  • The average score is 16 of 50
Answer Stats
Question Answer % Correct
32 °F → °C 0
100%
10 cm → ft in 0 ft 4 in
100%
240 °F → °C 116
100%
55 °F → °C 13
100%
300 lbs → kg 136
100%
240 km/h → mph 149
100%
300 °F → °C 149
100%
80 kg → lbs 176
100%
5 ft 11 in → cm 180
100%
300 km/h → mph 186
100%
6 ft 6 in → cm 198
100%
90 kg → lbs 198
100%
6 ft 7 in → cm 201
100%
420 °F → °C 216
100%
430 °F → °C 221
100%
370 km/h → mph 230
100%
75 °F → °C 24
100%
115 kg → lbs 254
100%
130 °C → °F 266
100%
140 °C → °F 284
100%
130 kg → lbs 287
100%
185 mph → km/h 298
100%
90 cm → ft in 2 ft 11 in
100%
210 mph → km/h 338
100%
170 °C → °F 338
100%
215 mph → km/h 346
100%
240 mph → km/h 386
100%
105 °F → °C 41
100%
190 kg → lbs 419
100%
178 cm → ft in 5 ft 10 in
100%
10 km/h → mph 6
100%
300 kg → lbs 661
100%
120 km/h → mph 75
100%
35 kg → lbs 77
100%
60 mph → km/h 97
100%
45 kg → lbs 99
100%
190 km/h → mph 118
50%
270 lbs → kg 122
50%
280 °F → °C 138
50%
380 lbs → kg 172
50%
70 °F → °C 21
50%
100 kg → lbs 220
50%
110 °C → °F 230
50%
70 cm → ft in 2 ft 4 in
50%
1 ft 0 in → cm 30
50%
245 mph → km/h 394
50%
65 km/h → mph 40
50%
205 lbs → kg 93
50%
20 cm → ft in 0 ft 8 in
0%
30 °F → °C -1
0%
50 °F → °C 10
0%
38 °C → °F 100
0%
212 °F → °C 100
0%
220 lbs → kg 100
0%
40 °C → °F 104
0%
220 °F → °C 104
0%
230 lbs → kg 104
0%
65 mph → km/h 105
0%
170 km/h → mph 106
0%
3 ft 6 in → cm 107
0%
42 °C → °F 108
0%
240 lbs → kg 109
0%
5 kg → lbs 11
0%
50 kg → lbs 110
0%
500 kg → lbs 1102
0%
44 °C → °F 111
0%
180 km/h → mph 112
0%
70 mph → km/h 113
0%
250 lbs → kg 113
0%
46 °C → °F 115
0%
52 kg → lbs 115
0%
48 °C → °F 118
0%
260 lbs → kg 118
0%
54 kg → lbs 119
0%
20 km/h → mph 12
0%
10 °F → °C -12
0%
75 mph → km/h 121
0%
4 ft 0 in → cm 122
0%
50 °C → °F 122
0%
56 kg → lbs 123
0%
200 km/h → mph 124
0%
4 ft 1 in → cm 124
0%
4 ft 2 in → cm 127
0%
260 °F → °C 127
0%
280 lbs → kg 127
0%
58 kg → lbs 128
0%
80 mph → km/h 129
0%
210 km/h → mph 130
0%
4 ft 3 in → cm 130
0%
4 ft 4 in → cm 132
0%
60 kg → lbs 132
0%
290 lbs → kg 132
0%
4 ft 5 in → cm 135
0%
220 km/h → mph 137
0%
85 mph → km/h 137
0%
4 ft 6 in → cm 137
0%
62 kg → lbs 137
0%
-10 °C → °F 14
0%
30 lbs → kg 14
0%
4 ft 7 in → cm 140
0%
60 °C → °F 140
0%
64 kg → lbs 141
0%
4 ft 8 in → cm 142
0%
230 km/h → mph 143
0%
90 mph → km/h 145
0%
4 ft 9 in → cm 145
0%
320 lbs → kg 145
0%
66 kg → lbs 146
0%
4 ft 10 in → cm 147
0%
0 ft 6 in → cm 15
0%
4 ft 11 in → cm 150
0%
68 kg → lbs 150
0%
5 ft 0 in → cm 152
0%
95 mph → km/h 153
0%
70 kg → lbs 154
0%
340 lbs → kg 154
0%
250 km/h → mph 155
0%
5 ft 1 in → cm 155
0%
5 ft 2 in → cm 157
0%
70 °C → °F 158
0%
72 kg → lbs 159
0%
25 km/h → mph 16
0%
10 mph → km/h 16
0%
60 °F → °C 16
0%
5 ft 3 in → cm 160
0%
320 °F → °C 160
0%
100 mph → km/h 161
0%
260 km/h → mph 162
0%
5 ft 4 in → cm 163
0%
74 kg → lbs 163
0%
360 lbs → kg 163
0%
5 ft 5 in → cm 165
0%
330 °F → °C 166
0%
270 km/h → mph 168
0%
5 ft 6 in → cm 168
0%
76 kg → lbs 168
0%
105 mph → km/h 169
0%
5 ft 7 in → cm 170
0%
340 °F → °C 171
0%
78 kg → lbs 172
0%
5 ft 8 in → cm 173
0%
280 km/h → mph 174
0%
5 ft 9 in → cm 175
0%
80 °C → °F 176
0%
110 mph → km/h 177
0%
350 °F → °C 177
0%
5 ft 10 in → cm 178
0%
0 °F → °C -18
0%
65 °F → °C 18
0%
40 lbs → kg 18
0%
290 km/h → mph 180
0%
82 kg → lbs 181
0%
400 lbs → kg 181
0%
360 °F → °C 182
0%
6 ft 0 in → cm 183
0%
115 mph → km/h 185
0%
6 ft 1 in → cm 185
0%
84 kg → lbs 185
0%
6 ft 2 in → cm 188
0%
370 °F → °C 188
0%
30 km/h → mph 19
0%
86 kg → lbs 190
0%
6 ft 3 in → cm 191
0%
310 km/h → mph 193
0%
120 mph → km/h 193
0%
6 ft 4 in → cm 193
0%
380 °F → °C 193
0%
90 °C → °F 194
0%
88 kg → lbs 194
0%
6 ft 5 in → cm 196
0%
320 km/h → mph 199
0%
390 °F → °C 199
0%
40 cm → ft in 1 ft 4 in
0%
50 cm → ft in 1 ft 8 in
0%
125 mph → km/h 201
0%
6 ft 8 in → cm 203
0%
92 kg → lbs 203
0%
400 °F → °C 204
0%
330 km/h → mph 205
0%
6 ft 9 in → cm 206
0%
94 kg → lbs 207
0%
6 ft 10 in → cm 208
0%
130 mph → km/h 209
0%
410 °F → °C 210
0%
340 km/h → mph 211
0%
6 ft 11 in → cm 211
0%
100 °C → °F 212
0%
96 kg → lbs 212
0%
7 ft 0 in → cm 213
0%
7 ft 1 in → cm 216
0%
98 kg → lbs 216
0%
350 km/h → mph 217
0%
135 mph → km/h 217
0%
7 ft 2 in → cm 218
0%
35 km/h → mph 22
0%
-30 °C → °F -22
0%
10 kg → lbs 22
0%
7 ft 3 in → cm 221
0%
360 km/h → mph 224
0%
7 ft 4 in → cm 224
0%
140 mph → km/h 225
0%
7 ft 5 in → cm 226
0%
440 °F → °C 227
0%
7 ft 6 in → cm 229
0%
-5 °C → °F 23
0%
-10 °F → °C -23
0%
50 lbs → kg 23
0%
105 kg → lbs 231
0%
145 mph → km/h 233
0%
380 km/h → mph 236
0%
15 mph → km/h 24
0%
150 mph → km/h 241
0%
390 km/h → mph 242
0%
110 kg → lbs 243
0%
120 °C → °F 248
0%
400 km/h → mph 249
0%
155 mph → km/h 249
0%
40 km/h → mph 25
0%
160 mph → km/h 257
0%
120 kg → lbs 265
0%
165 mph → km/h 266
0%
80 °F → °C 27
0%
60 lbs → kg 27
0%
600 lbs → kg 272
0%
170 mph → km/h 274
0%
45 km/h → mph 28
0%
175 mph → km/h 282
0%
-20 °F → °C -29
0%
85 °F → °C 29
0%
180 mph → km/h 290
0%
30 cm → ft in 2 ft 0 in
0%
60 cm → ft in 2 ft 0 in
0%
80 cm → ft in 2 ft 7 in
0%
5 km/h → mph 3
0%
150 °C → °F 302
0%
190 mph → km/h 306
0%
140 kg → lbs 309
0%
50 km/h → mph 31
0%
195 mph → km/h 314
0%
20 mph → km/h 32
0%
0 °C → °F 32
0%
90 °F → °C 32
0%
70 lbs → kg 32
0%
160 °C → °F 320
0%
200 mph → km/h 322
0%
15 kg → lbs 33
0%
205 mph → km/h 330
0%
150 kg → lbs 331
0%
55 km/h → mph 34
0%
-30 °F → °C -34
0%
95 °F → °C 35
0%
160 kg → lbs 353
0%
220 mph → km/h 354
0%
180 °C → °F 356
0%
2 °C → °F 36
0%
80 lbs → kg 36
0%
225 mph → km/h 362
0%
800 lbs → kg 363
0%
60 km/h → mph 37
0%
230 mph → km/h 370
0%
190 °C → °F 374
0%
170 kg → lbs 375
0%
235 mph → km/h 378
0%
100 °F → °C 38
0%
4 °C → °F 39
0%
200 °C → °F 392
0%
180 kg → lbs 397
0%
120 cm → ft in 3 ft 11 in
0%
100 cm → ft in 3 ft 3 in
0%
105 cm → ft in 3 ft 5 in
0%
110 cm → ft in 3 ft 7 in
0%
115 cm → ft in 3 ft 9 in
0%
-20 °C → °F -4
0%
40 °F → °C 4
0%
25 mph → km/h 40
0%
-40 °C → °F -40
0%
-40 °F → °C -40
0%
250 mph → km/h 402
0%
90 lbs → kg 41
0%
210 °C → °F 410
0%
220 °C → °F 428
0%
70 km/h → mph 43
0%
6 °C → °F 43
0%
110 °F → °C 43
0%
20 kg → lbs 44
0%
200 kg → lbs 441
0%
230 °C → °F 446
0%
100 lbs → kg 45
0%
1000 lbs → kg 454
0%
1 ft 6 in → cm 46
0%
8 °C → °F 46
0%
-50 °F → °C -46
0%
115 °F → °C 46
0%
75 km/h → mph 47
0%
30 mph → km/h 48
0%
105 lbs → kg 48
0%
120 °F → °C 49
0%
150 cm → ft in 4 ft 11 in
0%
125 cm → ft in 4 ft 1 in
0%
130 cm → ft in 4 ft 3 in
0%
135 cm → ft in 4 ft 5 in
0%
140 cm → ft in 4 ft 7 in
0%
145 cm → ft in 4 ft 9 in
0%
10 lbs → kg 5
0%
80 km/h → mph 50
0%
10 °C → °F 50
0%
110 lbs → kg 50
0%
115 lbs → kg 52
0%
85 km/h → mph 53
0%
12 °C → °F 54
0%
120 lbs → kg 54
0%
25 kg → lbs 55
0%
90 km/h → mph 56
0%
35 mph → km/h 56
0%
14 °C → °F 57
0%
125 lbs → kg 57
0%
-50 °C → °F -58
0%
95 km/h → mph 59
0%
130 lbs → kg 59
0%
152 cm → ft in 5 ft 0 in
0%
180 cm → ft in 5 ft 11 in
0%
154 cm → ft in 5 ft 1 in
0%
156 cm → ft in 5 ft 1 in
0%
158 cm → ft in 5 ft 2 in
0%
160 cm → ft in 5 ft 3 in
0%
162 cm → ft in 5 ft 4 in
0%
164 cm → ft in 5 ft 5 in
0%
166 cm → ft in 5 ft 5 in
0%
168 cm → ft in 5 ft 6 in
0%
170 cm → ft in 5 ft 7 in
0%
172 cm → ft in 5 ft 8 in
0%
174 cm → ft in 5 ft 9 in
0%
176 cm → ft in 5 ft 9 in
0%
140 °F → °C 60
0%
2 ft 0 in → cm 61
0%
16 °C → °F 61
0%
135 lbs → kg 61
0%
100 km/h → mph 62
0%
40 mph → km/h 64
0%
18 °C → °F 64
0%
140 lbs → kg 64
0%
30 kg → lbs 66
0%
145 lbs → kg 66
0%
110 km/h → mph 68
0%
20 °C → °F 68
0%
150 lbs → kg 68
0%
182 cm → ft in 6 ft 0 in
0%
184 cm → ft in 6 ft 0 in
0%
208 cm → ft in 6 ft 10 in
0%
210 cm → ft in 6 ft 11 in
0%
186 cm → ft in 6 ft 1 in
0%
188 cm → ft in 6 ft 2 in
0%
190 cm → ft in 6 ft 3 in
0%
192 cm → ft in 6 ft 4 in
0%
194 cm → ft in 6 ft 4 in
0%
196 cm → ft in 6 ft 5 in
0%
198 cm → ft in 6 ft 6 in
0%
200 cm → ft in 6 ft 7 in
0%
202 cm → ft in 6 ft 8 in
0%
204 cm → ft in 6 ft 8 in
0%
206 cm → ft in 6 ft 9 in
0%
20 °F → °C -7
0%
45 °F → °C 7
0%
155 lbs → kg 70
0%
160 °F → °C 71
0%
45 mph → km/h 72
0%
22 °C → °F 72
0%
160 lbs → kg 73
0%
24 °C → °F 75
0%
165 lbs → kg 75
0%
2 ft 6 in → cm 76
0%
170 lbs → kg 77
0%
26 °C → °F 79
0%
175 lbs → kg 79
0%
5 mph → km/h 8
0%
50 mph → km/h 80
0%
130 km/h → mph 81
0%
28 °C → °F 82
0%
180 °F → °C 82
0%
180 lbs → kg 82
0%
185 lbs → kg 84
0%
30 °C → °F 86
0%
190 lbs → kg 86
0%
140 km/h → mph 87
0%
40 kg → lbs 88
0%
195 lbs → kg 88
0%
400 kg → lbs 882
0%
55 mph → km/h 89
0%
15 km/h → mph 9
0%
20 lbs → kg 9
0%
32 °C → °F 90
0%
3 ft 0 in → cm 91
0%
200 lbs → kg 91
0%
150 km/h → mph 93
0%
34 °C → °F 93
0%
200 °F → °C 93
0%
210 lbs → kg 95
0%
36 °C → °F 97
0%
215 lbs → kg 98
0%
160 km/h → mph 99
0%
No matching quizzes found
Score Distribution
Percent of People with Each Score
Percentile by Number Answered
Your Score History
You have not taken this quiz